Skoczkowie narciarscy według kraju - zaznaczanie pól - Statystyki

Ogólne statystyki
  • Ten quiz został rozwiązany 72 razy
  • Średni wynik to 205 z 304
Statystyki odpowiedzi
Zagadnienie Komórka Select % Poprawnych
Polski Flaga Alex Insam Nie
100%
Polski Flaga Antonín Hájek Nie
100%
Polski Flaga Lukáš Hlava Nie
100%
Polski Flaga Roman Koudelka Nie
100%
Polski Flaga Tomáš Zmoray Nie
100%
Polski Flaga Yevhen Marusiak Nie
100%
Polski Flaga Andrzej Stękała Tak
98%
Polski Flaga Dawid Kubacki Tak
98%
Polski Flaga Jakub Janda Nie
95%
Polski Flaga Kamil Stoch Tak
95%
Polski Flaga Maciej Kot Tak
95%
Polski Flaga Stefan Hula Tak
95%
Polski Flaga Jakub Wolny Tak
94%
Niemczech Flaga Andreas Wellinger Tak
90%
Niemczech Flaga Bernart Sola Nie
90%
Norwegii Flaga Adam Mickiewicz Nie
89%
Norwegii Flaga Eric Belshaw Nie
89%
Austrii Flaga Filip Sakala Nie
89%
Austrii Flaga Henryk Sienkiewicz Nie
89%
Austrii Flaga Ilya Mizernykh Nie
89%
Niemczech Flaga Józef Przybyła Nie
89%
Norwegii Flaga Kacper Tomasiak Nie
89%
Francji Flaga Karl Geiger Nie
89%
Niemczech Flaga Maximilian Ortner Nie
89%
Niemczech Flaga Pavel Ploc Nie
89%
Austrii Flaga Peter Prevc Nie
89%
Francji Flaga Qiwu Song Nie
89%
Francji Flaga Sergey Tkachenko Nie
89%
Niemczech Flaga Severin Freund Tak
89%
Francji Flaga Simon Amman Nie
89%
Austrii Flaga Zachir Dżafarow Nie
89%
Austrii Flaga Ziga Jelar Nie
89%
Norwegii Flaga Daniel-André Tande Tak
87%
Norwegii Flaga Halvor Egner Granerud Tak
87%
Niemczech Flaga Karl Geiger Tak
87%
Francji Flaga Killian Peier Nie
87%
Austrii Flaga Manuel Fettner Tak
87%
Niemczech Flaga Markus Eisenbichler Tak
87%
Niemczech Flaga Michael Hayboeck Nie
87%
Niemczech Flaga Remo Imhof Nie
87%
Niemczech Flaga Stefan Kraft Nie
87%
Francji Flaga Giovanni Bresadola Nie
85%
Norwegii Flaga Jan Boklöv Nie
85%
Niemczech Flaga Rolf Age Berg Nie
85%
Austrii Flaga Stefan Kraft Tak
85%
Norwegii Flaga Ari-Pekka Nikkola Nie
84%
Austrii Flaga Daniel Huber Tak
84%
Francji Flaga Emmanuel Chedal Tak
84%
Austrii Flaga Gregor Schlierenzauer Tak
84%
Norwegii Flaga Isak Grimholm Nie
84%
Niemczech Flaga Martin Schmitt Tak
84%
Niemczech Flaga Richard Freitag Tak
84%
Polski Flaga Stanisław Marusarz Tak
84%
Niemczech Flaga Sven Hannawald Tak
84%
Austrii Flaga Andreas Goldberger Tak
82%
Austrii Flaga Andreas Kofler Tak
82%
Polski Flaga Jan Matura Nie
82%
Polski Flaga Klemens Joniak Tak
82%
Norwegii Flaga Robert Johansson Tak
82%
Francji Flaga Valentin Fobert Tak
82%
Austrii Flaga Fin Braun Nie
81%
Francji Flaga Roberto Cecon Nie
81%
Austrii Flaga Thomas Morgenstern Tak
81%
Austrii Flaga Adrian Tittel Nie
79%
Norwegii Flaga Anders Jacobsen Tak
79%
Rosji Flaga Julian Smid Nie
79%
Francji Flaga Sam Bolton Nie
79%
Rosji Flaga Artur Sarkisiani Nie
77%
Rosji Flaga Evgeniy Klimov Tak
77%
Szwajcarii Flaga Hideharu Miyahira Nie
77%
Szwajcarii Flaga Julian Tuwim Nie
77%
Szwajcarii Flaga Manuel Fettner Nie
77%
Szwajcarii Flaga Matti Nykanen Nie
77%
Szwajcarii Flaga Naoki Nakamura Nie
77%
Szwajcarii Flaga Sabirzhan Muminov Nie
77%
Szwajcarii Flaga Andreas Wellinger Nie
76%
Norwegii Flaga Joacim Ødegård Bjøreng Tak
76%
Francji Flaga Vincent Descombes Sevoie Tak
76%
Słowenii Flaga Aleksandr Bazhenov Nie
74%
Japonii Flaga Andrea Campregher Nie
74%
Słowenii Flaga Anže Lanišek Tak
74%
Finlandii Flaga Axel Östrand Nie
74%
Finlandii Flaga Daniel Andre Tande Nie
74%
Rosji Flaga Denis Kornilov Tak
74%
Słowenii Flaga Erik Belshaw Nie
74%
Finlandii Flaga Francesco Cecon Nie
74%
Słowenii Flaga Giovanni Bresadola Nie
74%
Ukrainy Flaga Grzegorz Braun Nie
74%
Finlandii Flaga Halvor Egner Granerud Nie
74%
Finlandii Flaga Isak Grimholm Nie
74%
Niemczech Flaga Jens Weißflog Tak
74%
Finlandii Flaga Johann André Forfang Nie
74%
Japonii Flaga Józef Piłsudski Nie
74%
Francji Flaga Jules Cherwet Tak
74%
Słowenii Flaga Julien Gay Nie
74%
Ukrainy Flaga Jurij Gagarin Nie
74%
Estonii Flaga Kacper Tomasiak Nie
74%
Finlandii Flaga Kamil Stoch Nie
74%
Finlandii Flaga Kevin Bickner Nie
74%
Ukrainy Flaga Kevin Bickner Nie
74%
Estonii Flaga Mackenzie Boyd-Clowes Nie
74%
Słowenii Flaga Mathis Contamine Nie
74%
Japonii Flaga Pavisi Rokaiato Nie
74%
Słowenii Flaga Paweł Wąsek Nie
74%
Ukrainy Flaga Piotr Żyła Nie
74%
Słowenii Flaga Ren Nikaido Nie
74%
Estonii Flaga Robert Johansson Nie
74%
Rosji Flaga Sergey Tkachenko Nie
74%
Japonii Flaga Song Qiwu Nie
74%
Ukrainy Flaga Viktor Polasek Nie
74%
Japonii Flaga Wang Jianxun Nie
74%
Estonii Flaga Yevhen Marusiak Nie
74%
Kanady Flaga Adam Małysz Nie
73%
Estonii Flaga Andrea Campregher Nie
73%
Finlandii Flaga Antti Aalto Tak
73%
Włoch Flaga Artti Aigro Nie
73%
Słowenii Flaga Cene Prevc Tak
73%
Japonii Flaga Choi Heung-chul Nie
73%
Stanów Zjednoczonych Flaga Daiki Ito Nie
73%
Włoch Flaga Decker Dean Nie
73%
Japonii Flaga Ding Yongchao Nie
73%
Słowenii Flaga Domen Prevc Tak
73%
Kanady Flaga Francesco Cecon Nie
73%
Stanów Zjednoczonych Flaga Jane Ahonen Nie
73%
Estonii Flaga Julien Gay Nie
73%
Włoch Flaga Junshiro Kobayashi Nie
73%
Kazachstanu Flaga Kamil Stoch Nie
73%
Kazachstanu Flaga Kevin Bickner Nie
73%
Szwajcarii Flaga Killian Peier Tak
73%
Włoch Flaga Killian Peier Nie
73%
Włoch Flaga Klemens Murańka Nie
73%
Kanady Flaga Maximilian Ortner Nie
73%
Kazachstanu Flaga Pavel Ploc Nie
73%
Stanów Zjednoczonych Flaga Piotr Żyła Nie
73%
Włoch Flaga Pius Paschke Nie
73%
Kazachstanu Flaga Qiwu Song Nie
73%
Estonii Flaga Remo Imhof Nie
73%
Słowenii Flaga Roman Koudelka Nie
73%
Francji Flaga Ronan Lamy Chappuis Tak
73%
Stanów Zjednoczonych Flaga Simon Amman Nie
73%
Kanady Flaga Stefan Kraft Nie
73%
Kanady Flaga Stephan Leyhe Nie
73%
Kanady Flaga Tate Frantz Nie
73%
Włoch Flaga Timi Zajc Nie
73%
Stanów Zjednoczonych Flaga Timi Zajc Nie
73%
Słowenii Flaga Timi Zjac Tak
73%
Szwajcarii Flaga Valentin Foubert Nie
73%
Ukrainy Flaga Yevhen Marusiak Tak
73%
Estonii Flaga Artti Aigro Tak
71%
Norwegii Flaga Bendik Jacobsen Heggli Tak
71%
Japonii Flaga Daiki Ito Tak
71%
Rosji Flaga Dimitry Vassiliev Tak
71%
Stanów Zjednoczonych Flaga Kevin Bickner Tak
71%
Kanady Flaga Mackenzie Boyd-Clowes Tak
71%
Szwecji Flaga Marius Lindvik Nie
71%
Kazachstanu Flaga Muhammed Irfan Cintimar Nie
71%
Japonii Flaga Naoki Nakamura Tak
71%
Japonii Flaga Noriaki Kasai Tak
71%
Stanów Zjednoczonych Flaga Rune Velta Nie
71%
Szwecji Flaga Ryoyu Kobayashi Nie
71%
Japonii Flaga Ryoyu Kobayashi Tak
71%
Szwajcarii Flaga Simon Ammann Tak
71%
Rosji Flaga Vitaly Kalinichenko Nie
71%
Japonii Flaga Yukiya Sato Tak
71%
Rosji Flaga Alan Gobozovi Nie
69%
Włoch Flaga Alex Insam Tak
69%
Szwecji Flaga Ari-Pekka Nikkola Nie
69%
Ukrainy Flaga Danil Vassyliev Nie
69%
Kanady Flaga David Siegel Nie
69%
Rumunii Flaga Erik Belshaw Nie
69%
Włoch Flaga Giovanni Bresadola Tak
69%
Szwajcarii Flaga Gregor Deschwanden Tak
69%
Ukrainy Flaga Hektor Kapustik Nie
69%
Rosji Flaga Jan Boklov Nie
69%
Rumunii Flaga Julian Schmitt Nie
69%
Słowenii Flaga Jurij Tepes Tak
69%
Szwecji Flaga Klemens Murańka Nie
69%
Japonii Flaga Lee Chae-won Nie
69%
Szwecji Flaga Mathis Contamine Nie
69%
Słowenii Flaga Robert Kranjec Tak
69%
Rumunii Flaga Ryoyu Kobayashi Nie
69%
Japonii Flaga Sakutaro Kobayashi Tak
69%
Włoch Flaga Steve Collins Nie
69%
Ukrainy Flaga Artur Sarkisiani Nie
68%
Chin Flaga Danil Vassyliev Nie
68%
Chin Flaga Evgeni Klimov Nie
68%
Rumunii Flaga Ilya Mizernykh Nie
68%
Finlandii Flaga Janne Ahonen Tak
68%
Francji Flaga Jonathan Learoyd Tak
68%
Chin Flaga Junshiro Kobayashi Nie
68%
Norwegii Flaga Kristian Djurhuus Nie
68%
Stanów Zjednoczonych Flaga Matthew Soukup Nie
68%
Finlandii Flaga Matti Nykänen Tak
68%
Rumunii Flaga Muhammed Ali Bedir Nie
68%
Chin Flaga Piotr Żyła Nie
68%
Chin Flaga Tate Frantz Nie
68%
Rumunii Flaga Vladimir Zografski Nie
68%
Chin Flaga Yukiya Sato Nie
68%
Estonii Flaga Antti Aalto Nie
66%
Kanady Flaga Casey Larson Nie
66%
Szwecji Flaga Dunstan Odeke Nie
66%
Finlandii Flaga Harri Olli Tak
66%
Szwecji Flaga Julian Smid Nie
66%
Kazachstanu Flaga Kevin Maltsev Nie
66%
Francji Flaga Nicolas Dessum Tak
66%
Włoch Flaga Roberto Cecon Tak
66%
Kazachstanu Flaga Sabirzhan Muminov Tak
66%
Włoch Flaga Sebastian Colloredo Tak
66%
Japonii Flaga Taku Takeuchi Tak
66%
Ukrainy Flaga Vitaly Kalinichenko Tak
66%
Stanów Zjednoczonych Flaga Casey Larson Tak
65%
Rumunii Flaga Daniel Andrei Cacina Tak
65%
Stanów Zjednoczonych Flaga Erik Belshaw Tak
65%
Rosji Flaga Nikita Devyatkin Nie
65%
Japonii Flaga Ren Nikaido Tak
65%
Stanów Zjednoczonych Flaga Tate Frantz Tak
65%
Finlandii Flaga Ville Larinto Tak
65%
Rosji Flaga Zachir Dzafarov Nie
65%
Finlandii Flaga Ari-Pekka Nikkola Tak
63%
Rumunii Flaga Fatih Adra Ipcioglu Nie
63%
Rosji Flaga Roman Trofimov Tak
63%
Finlandii Flaga Toni Nieminen Tak
63%
Stanów Zjednoczonych Flaga Andrew Urlaub Tak
61%
Stanów Zjednoczonych Flaga Decker Dean Tak
61%
Rosji Flaga Mikhail Nazarov Tak
61%
Słowenii Flaga Zak Mogel Tak
61%
Rumunii Flaga Alois Lipburger Nie
60%
Kazachstanu Flaga Ilya Mizernykh Tak
60%
Finlandii Flaga Paavo Rompainen Tak
60%
Szwajcarii Flaga Andreas Küttel Tak
58%
Słowenii Flaga Primoz Peterka Tak
58%
Kazachstanu Flaga Danil Vassyliev Tak
56%
Szwajcarii Flaga Dominik Peter Tak
56%
Norwegii Flaga Johan Rasmussen Nie
56%
Kazachstanu Flaga Nurshat Tursunzhanov Tak
56%
Chin Flaga Weijie Zhen Tak
55%
Włoch Flaga Andrea Campregher Tak
53%
Rosji Flaga Ilja Rosliakov Tak
53%
Szwecji Flaga Ingvild Synnoeve Midtskogen Nie
53%
Rumunii Flaga Iustin Comanescu Tak
53%
Francji Flaga Julien Gay Tak
53%
Szwajcarii Flaga Remo Imhof Tak
53%
Kazachstanu Flaga Sergey Tkachenko Tak
53%
Chin Flaga An Hyun-soo Nie
52%
Kazachstanu Flaga Dmitry Chvykov Nie
52%
Kanady Flaga Matthew Soukup Tak
52%
Rosji Flaga Pavel Karelin Tak
52%
Stanów Zjednoczonych Flaga Sam Bolton Nie
52%
Chin Flaga Xin Liu Tak
52%
Rosji Flaga Aleksandr Bazhenov Tak
50%
Włoch Flaga Andrea Morassi Tak
50%
Chin Flaga Chuan Zhao Tak
50%
Rumunii Flaga Mihnea Alexandru Spulber Tak
50%
Chin Flaga Song Qiwu Tak
50%
Szwecji Flaga Staffan Tällberg Tak
50%
Chin Flaga Xiaoyang Zhou Tak
50%
Norwegii Flaga Bjørn Wirkola Tak
48%
Estonii Flaga Martti Nõmme Tak
48%
Stanów Zjednoczonych Flaga Patrick Gasienica Tak
48%
Chin Flaga Xuyu Huang Tak
48%
Chin Flaga Yang Guang Tak
48%
Kazachstanu Flaga Zahir Dzafarov Nie
48%
Rumunii Flaga Andrei Feldorean Tak
47%
Szwecji Flaga Rickard Nyström Tak
47%
Norwegii Flaga Sondre Norheim Tak
47%
Estonii Flaga Andero Kapp Tak
45%
Szwecji Flaga Axel Östrand Tak
45%
Szwecji Flaga Jan Boklöv Tak
45%
Estonii Flaga Kaimar Vagul Tak
45%
Estonii Flaga Kevin Maltsev Tak
45%
Kazachstanu Flaga Nikita Devyatkin Tak
44%
Kanady Flaga Steve Collins Tak
44%
Chin Flaga Sunwong Jang Nie
44%
Ukrainy Flaga Andrij Waskuł Tak
42%
Szwecji Flaga Fredrik Balkåsen Tak
42%
Ukrainy Flaga Anton Korczuk Tak
40%
Szwecji Flaga Isak Grimholm Tak
40%
Włoch Flaga Ivo Pertile Tak
40%
Estonii Flaga Jaan Jüris Tak
40%
Ukrainy Flaga Władysław Herasymjuk Tak
40%
Kanady Flaga David Brown Tak
39%
Chin Flaga Piao Xuefeng Tak
39%
Ukrainy Flaga Iwan Zełenczuk Tak
35%
Szwajcarii Flaga Juri Kesseli Tak
35%
Szwajcarii Flaga Marco Grigoli Tak
35%
Rumunii Flaga Ștefan Blega Tak
35%
Ukrainy Flaga Andrij Pełeszok Tak
34%
Włoch Flaga Ivan Lunardi Tak
34%
Austrii Flaga Ernst Vettori Tak
32%
Estonii Flaga Jens Salumäe Tak
32%
Szwecji Flaga Carl Nordin Tak
31%
Kanady Flaga Horst Bulau Tak
31%
Kazachstanu Flaga Kajrat Bijekienov Tak
31%
Kazachstanu Flaga Aleksiej Korolow Tak
29%
Estonii Flaga Markkus Alter Tak
29%
Kanady Flaga Todd Gillmann Tak
29%
Rumunii Flaga Paul Gabriel Ardelean Tak
27%
Kanady Flaga Kirk Allen Tak
26%
Ukrainy Flaga Denys Cwietkow Tak
24%
Stanów Zjednoczonych Flaga Rick Mewborn Tak
24%
Kanady Flaga Ron Richards Tak
24%
Rumunii Flaga Hunor Farkas Tak
21%
Rumunii Flaga Andrei Balazs Tak
19%
Szwecji Flaga Johan Rasmussen Tak
16%
Nie znaleziono quizów pasujących do podanych kryteriów
Rozkład punktacji
Procent ludzi z każdym wynikiem
Percentyl według liczby udzielonych odpowiedzi
Twoja historia wyników
Nie rozwiązałeś tego quizu